| 000 | 00480 a2200169 4500 | ||
|---|---|---|---|
| 003 | OSt | ||
| 005 | 20240823115842.0 | ||
| 008 | 231106b |||||||| |||| 00| 0 eng d | ||
| 020 | _a9789384355296 | ||
| 040 | _coclc | ||
| 082 |
_a492.7 _bKOD/A |
||
| 100 |
_aKodiyathur, A R _99837 |
||
| 245 |
_aArabi basha keralathil / _cA R Kodiyathur |
||
| 260 |
_aKozhikode: _bVachanam Books, _c2017. |
||
| 300 | _a190 p | ||
| 942 |
_2ddc _cBK _h492.7 _iKOD/A _k492.7 _mKOD/A |
||
| 999 |
_c42817 _d42817 |
||